Library Banner

Islam/ (Record no. 96163)

MARC details
000 -LEADER
fixed length control field 00367nam a22001457a 4500
005 - DATE AND TIME OF LATEST TRANSACTION
control field 20170801151848.0
008 - FIXED-LENGTH DATA ELEMENTS--GENERAL INFORMATION
fixed length control field 170801b xxu||||| |||| 00| 0 eng d
040 ## - CATALOGING SOURCE
Transcribing agency PK-LaUMT
082 ## - DEWEY DECIMAL CLASSIFICATION NUMBER
Classification number ZIAC 297
Item number ISM-I
100 ## - MAIN ENTRY--PERSONAL NAME
Personal name Ismail R. Al Faruqi
245 ## - TITLE STATEMENT
Title Islam/
Statement of responsibility, etc Ismail R. Al Faruqi
260 ## - PUBLICATION, DISTRIBUTION, ETC. (IMPRINT)
Place of publication, distribution, etc Niles:
Name of publisher, distributor, etc Argus communications,
Date of publication, distribution, etc 1984
300 ## - PHYSICAL DESCRIPTION
Extent 83 p.
942 ## - ADDED ENTRY ELEMENTS (KOHA)
Koha item type Books
Holdings
Withdrawn status Lost status Damaged status Home library Current library Date acquired Full call number Barcode Date last seen Price effective from Koha item type
      UMT Main Campus UMT Main Campus 2017-08-01 ZIAC 297 ISM-I 111777 2022-04-04 2017-08-01 Books